| 000 | 00574cam a2200133 4500500 | ||
|---|---|---|---|
| 005 | 20260111091305.0 | ||
| 041 | _afre | ||
| 042 | _adc | ||
| 245 | 0 | 0 | _aHousset Em., L’intelligence de la pitié. Phénoménologie de la communauté, coll. La nuit surveillée, Paris, Cerf, 2003, 22x14, 195 p., 27 €. ISBN 2-204-07093-9 |
| 260 | _c2005. | ||
| 500 | _a38 | ||
| 786 | 0 | _nNouvelle revue théologique | 127 | 4 | 2005-12-15 | p. 666a-667a | 0029-4845 | |
| 856 | 4 | 1 | _uhttps://shs.cairn.info/revue-nouvelle-revue-theologique-2005-4-page-666a?lang=fr&redirect-ssocas=7080 |
| 999 |
_c1620828 _d1620828 |
||